Land Rights, Ethno-nationality, and Sovereignty in History (Record no. 5344)

MARC details
000 -LEADER
fixed length control field 00607nam a22002057a 4500
003 - CONTROL NUMBER IDENTIFIER
control field OSt
005 - DATE AND TIME OF LATEST TRANSACTION
control field 20161012193355.0
008 - FIXED-LENGTH DATA ELEMENTS--GENERAL INFORMATION
fixed length control field 161012b xxu||||| |||| 00| 0 eng d
020 ## - INTERNATIONAL STANDARD BOOK NUMBER
International Standard Book Number 0415771196
040 ## - CATALOGING SOURCE
Transcribing agency DDC
082 ## - DEWEY DECIMAL CLASSIFICATION NUMBER
Classification number 333.3 LAN 2004
100 ## - MAIN ENTRY--PERSONAL NAME
Personal name Edited by Stanley L. Engerman; Jacob Metzer
9 (RLIN) 11186
245 ## - TITLE STATEMENT
Title Land Rights, Ethno-nationality, and Sovereignty in History
260 ## - PUBLICATION, DISTRIBUTION, ETC. (IMPRINT)
Place of publication, distribution, etc. London; Routledge, 2004
300 ## - PHYSICAL DESCRIPTION
Extent xii,403p; ill: 24cm
504 ## - BIBLIOGRAPHY, ETC. NOTE
Bibliography, etc Notes, references, & index included
650 ## - SUBJECT ADDED ENTRY--TOPICAL TERM
Topical term or geographic name as entry element Land Ownership
9 (RLIN) 11187
650 ## - SUBJECT ADDED ENTRY--TOPICAL TERM
Topical term or geographic name as entry element National Sovereignty
9 (RLIN) 11188
942 ## - ADDED ENTRY ELEMENTS (KOHA)
Source of classification or shelving scheme Other/Generic Classification Scheme
Koha item type Book Bank
Holdings
Withdrawn status Lost status Source of classification or shelving scheme Damaged status Not for loan Home library Current library Date acquired Source of acquisition Inventory number Total Checkouts Full call number Barcode Date last seen Koha item type
    Dewey Decimal Classification     MUST Main Library MUST Main Library 12/10/2016 Purchase 16/40041   333.3 LAN 2004 2016-4758 12/10/2016 Open Shelf
    Dewey Decimal Classification     MUST Main Library MUST Main Library 12/10/2016 Purchase 16/40042   333.3 LAN 2004 2016-4759 12/10/2016 Open Shelf
    Dewey Decimal Classification     MUST Main Library MUST Main Library 12/10/2016 Purchase 16/40043   333.3 LAN 2004 2016-4760 12/10/2016 Open Shelf
    Dewey Decimal Classification     MUST Main Library MUST Main Library 12/10/2016 Purchase 16/40044   333.3 LAN 2004 2016-4761 12/10/2016 Open Shelf
    Dewey Decimal Classification     MUST Main Library MUST Main Library 12/10/2016 Purchase 16/40045   333.3 LAN 2004 2016-4762 12/10/2016 Open Shelf
    Dewey Decimal Classification     MUST Main Library MUST Main Library   Purchase 15/39072   333.3 LAN 2004 2024-21790 04/07/2024 Book Bank